000
00323nam a2200145Ia 4500
005
20251222151343.0
008
251222s9999||||xx |||||||||||||| ||spa||
020
_a
9788434860919
082
_a
323.34/R81
100
_a
Romeu, Carlos
245
0
_a
Tristán en Egipto
250
_a
10ma.ed.
264
_b
SM
942
_c
LIB
999
_c
24560
_d
24560